1214 1297 1978 1936 1530 1993 1718 1428 1230 1442 1639 1280 1630 1283 1600 1464 1222 1201 1534 1057 1276 1094 1380 1336 1963 1723 1625 1258 1129 1420 1972 1545 1646 1394 1883 1243 1502 1153 1861 1492 1267 1425 1218 1147 1223 1078 1451 1389 1369 1276 1234 1411 1858 1619 1053 1541 1326 1212 1649 1893 1927 1067 1594 1474 1240 1214 1270 1211 1190 1846 1941 1564 1353 1811 1135 1875 1674 1440 1400 1230 1666 1114 1070 1062 1156 1505 1295 1364 1845 1651 1879 1043 1468 1820 1398 1508 1495 2000 1949 BCNSPRNW ULIB Ver.6.0+V

เปลี่ยนเป็นภาษาไทย

Change to English
 แสดงรายละเอียดบรรณานุกรม
  กลับหน้าหลัก

Brief Record : Get Marc (ISO 2709) : E-mail record : QR code < ปิดหน้าต่าง
LEADER : 00000nam 2200000uu 4500
001    13399111849
003     ULIB
008    110627s2548||||th 000 0 tha d
060  4 WA525^bอ857ศ 2548
100 0  อมาวสี อัมพันศิริรัตน์
245 00 ศึกษาความต้องการการบริการสุขภาพระดับปฐมภูมิของชุมชนในเขตเทศบาลนครสงขลา/^cอมาวสี อัมพันศิริรัตน์และคณะ
260    สงขลา :^bวิทยาลัยพยาบาลบรมราชชนนี สงขลา,^c2548
300    87 หน้า
650  7 ความต้องการบริการ
650  7 บริการสุขภาพ
945    ^p0^l0^i019124
995    ทศพร
999 ^a ใช้งานได้ทุกระบบ
รายการนี้ยังไม่มีแท็ก
คุณยังไม่ได้ล็อกอิน คุณสามารถมีกิจกรรมร่วมกับเว็บไซต์ได้ แต่ต้องล็อกอินก่อน ::
  ล็อกอิน

รายการสื่อสารสนเทศ

ลำดับที่ ประเภท เลขเรียก/บาร์โค้ด สถานที่ สถานะ
- ไม่พบข้อมูล -

รายการใกล้เคียง
    ผู้แต่ง [อมาวสี อัมพันศิริรัตน์]

    หัวเรื่อง [บริการสุขภาพ]

BibComment


ยังไม่เคยถูกคอมเมนท์

คอมเมนท์ทรัพยากรรายการนี้
  คอมเมนท์: ศึกษาความต้องการก..


 Copyright 2026. Bcnsprnw @Library